00999nam a22002657a 45000010005000000030006000050050017000110080041000280200015000690400029000840500017001130820008001301000027001382450106001652500041002712600034003123000039003465050007003855200199003925210018005915210018006096500036006276500036006637000034006997560FISKH20250724100134.0250724b cb ||||| |||| 00| 0 eng d a0590415077 aFISKHbengcFISKHdFISKH a PZ7.H1124 P a370 aHaas, Dorothyd(1935-) aPeanut Butter and Jelly :bPeanut and Jilly forever /cDorothy Haas ; Illustrated by Jeffrey Lindberg aThis edition first published in 1988 aNew York :bScholastic,c1988 a61 pages :billustrations ;c20 cm aJ  aPeanut and Jilly, the most competitive girls in their class, think that they cannot stand each other, until their teacher assigns them the task of studying and writing reports about each other. 8 a500 bLexile 8 aJ bRaz-Plus  2Realistic fictionaChapter book 2CarmanaPeanut butter and jelly aLinberg, Jeffreydillustrator